🎶 Paroles "Les six couleurs du monde" Tri Yann - Statistiques

Statistiques générales
  • Ce quiz a Ă©tĂ© pris 4 fois
  • Le rĂ©sultat moyen est 88 sur 280
Statistiques - réponses
Mots % Correct
Brésil
100%
l'
100%
Ă 
75%
Afrique
75%
Amérique
75%
Armorique
75%
bleu,
75%
d'
75%
et
75%
Glencoe
75%
Gwenola
75%
J'
75%
Japon
75%
Plougastel
75%
rouge,
75%
rouge
75%
Shanghai
75%
couleur
50%
dans
50%
de
50%
De
50%
des
50%
du
50%
Du
50%
jaune,
50%
Je
50%
Kerry
50%
le
50%
les
50%
Les
50%
ou
50%
plus
50%
sang
50%
soleil,
50%
vert
50%
violet,
50%
arc-
25%
au
25%
aux
25%
belles
25%
champs
25%
ciel
25%
couleurs
25%
en-
25%
en
25%
étoiles
25%
fait
25%
fleurs
25%
la
25%
La
25%
matins
25%
mer
25%
on
25%
ont
25%
orange,
25%
pare
25%
petite
25%
Pour
25%
Qu'
25%
quand
25%
Que
25%
que
25%
qui
25%
se
25%
Terre,
25%
tout
25%
tu
25%
vers
25%
abricot
0%
acier
0%
affres
0%
ajoncs
0%
algues
0%
amants,
0%
ambre
0%
anis,
0%
armes
0%
astres
0%
blés
0%
bleuets,
0%
buisson
0%
caraïbéenne
0%
carĂŞme
0%
chardons
0%
chasubles
0%
citrons
0%
coquelicots
0%
couchant
0%
crue
0%
cuivre
0%
deuil ?
0%
dont
0%
dragons ?
0%
emporterai
0%
emporteras-
0%
étrenne
0%
feu
0%
firmament
0%
foudre
0%
froid
0%
gangrène
0%
grenadine
0%
guerres
0%
hiver
0%
infortune,
0%
jade
0%
jalousie
0%
juges
0%
jus
0%
lèvres
0%
liqueur
0%
malades
0%
misère ?
0%
morsures
0%
mort ?
0%
mourants ?
0%
mousses
0%
mûre
0%
mûrs
0%
naît
0%
naviguant
0%
Noël,
0%
odeur
0%
offrir
0%
Orient,
0%
passion
0%
peau
0%
perles
0%
perroquets
0%
plaisir ?
0%
poudre
0%
prendrai
0%
prendras-
0%
printemps
0%
prisonniers
0%
rafraîchissants
0%
retrouvailles
0%
robes
0%
roncier
0%
safran
0%
sévères ?
0%
soeur
0%
soieries
0%
soucis
0%
tentures
0%
terriens
0%
tigres
0%
toges
0%
torrents
0%
treille,
0%
truffe
0%
vipère
0%
vomit
0%
Aucun quiz correspondant
Distribution des résultats
% des personnes avec chaque résultat
Percentile par nombre de réponses
Votre historique - résultats
Vous n’avez pas pris ce quiz